000 004560000a22001810004500
003 LK-CoMWRAF
005 20231103142434.0
008 230817t ||||| |||| 00| 0 eng d
040 _aLK-CoMWRAF
_dLK-CoMWRAF
_eLK-CoMWRAF
041 _aeng
082 _a823
_bTEH
100 _aTehrani, Hassan
245 _aListen to the reed
260 _aIran :
_bIslamic propagation organization,
_c1984
300 _a37p
650 _aEnglish Fiction
942 _cBK
999 _c1931
_d1931